| 000 | 00548nam a2200193 a 4500 | ||
|---|---|---|---|
| 001 | 1768898037771 | ||
| 003 | YourLibrary | ||
| 005 | 20260120141623.0 | ||
| 008 | 260120s2008##################000#0#eng## | ||
| 020 | _a9780737740646 | ||
| 082 | 0 | 4 |
_a303.376 _bESP |
| 100 | 1 |
_aEspejo, Roman, _eauthor. |
|
| 245 | 1 | 0 | _aShould Music Lyrics be Censored for Violence and Exploitation? : |
| 260 |
_bGreenhaven Publishing, _c2008. |
||
| 300 | _a152 pages | ||
| 650 | 0 | _aJuvenile Nonfiction. | |
| 942 | _cENGLISH | ||
| 040 |
_aYourLibrary _beng _cYourLibrary |
||
| 999 |
_c608699 _d608699 |
||